000 00900nam a2200289 i 4500
003 DO-SdBNP
005 20240229094724.0
007 ta
008 240229s2010 dr ad 000 j spa d
020 _a9789945121766
040 _aDO-SdBNP
_bspa
_cBNPHU
_erda
082 _bL566
_222
100 _984917
245 1 0 _aLengua española :
_bcuarto grado, educación básica, propuesta didáctica programación, orientación, recursos para la evaluación, solucionado
264 1 _aSanto Domingo :
_bSusaeta,
_c2010.
300 _a256 páginas,
_bilustraciones, gráficas
_c28 cm.
336 _2rdacontent
_atexto
_btxt
337 _2rdamedia
_asin mediación
_bn
338 _2rdacarrier
_avolumen
_bnc
490 _aQuisqueya
500 _aCuarto grado, educación básica, 4
590 _aInventariado, 2024/ DG
700 _984918
710 _971583
910 _aDG
942 _2ddc
_cLBS1
999 _c56007
_d56007